|
|
|
|
| LEADER |
00000nab a2200000 a 4500 |
| 001 |
vtls000274236 |
| 003 |
SK-MaSNL |
| 005 |
20260304231356.0 |
| 008 |
111202c1986 xo 0 slo |
| 015 |
|
|
|a SNBRA19rr/mm-uuuuu
|
| 035 |
|
|
|a CL0284350
|
| 040 |
|
|
|a SNKBUCL
|b slo
|c SNKBUCL
|e AACR2
|
| 041 |
0 |
|
|a slo
|
| 044 |
|
|
|a xo
|c SK
|
| 080 |
|
|
|a 002.6
|2 1981
|
| 080 |
|
|
|a 681.3.07
|2 1981
|
| 100 |
1 |
|
|a Nedorostová, Eva,
|d 1946-
|4 aut
|9 37103
|
| 245 |
1 |
0 |
|a Jazykové prostriedky prístupu do faktografických báz dát
|c E. Nedorostová
|
| 300 |
|
|
|b Lit. 2 zázn. v slov.
|
| 650 |
0 |
7 |
|a informačné systémy
|2 snkbucl
|9 1128
|
| 650 |
0 |
7 |
|a PREDICASTS (systém informačný)
|2 snkbucl
|9 1564932
|
| 655 |
|
7 |
|a články zo zborníkov
|2 snkbucl
|9 166140
|
| 655 |
|
7 |
|a články z odboru knihovníctvo
|2 snkbucl
|9 166141
|
| 773 |
0 |
|
|t Informačné jazyky vo faktografických bázach dát
|d Bratislava : Dom techniky ČSVTS, 1986
|
| 850 |
|
|
|a Slovenská národná knižnica v Martine
|a MTA001
|
| 852 |
|
|
|a SNK
|b KIS3GCP
|
| 958 |
|
|
|a RK
|
| 958 |
|
|
|a KL
|
| 992 |
|
|
|a RZB
|
| 999 |
|
|
|c 3188521
|d 3190451
|